000 00643nam a2200229Ia 4500
003 OSt
005 20220918175226.0
006 a|||||r|||| 00| 0
007 ta
008 220917b |||||||| |||| 00| 0 eng d
024 _a16,253
037 _cTextual
040 _aARTS
_cARTS
_beng
041 _2eng
_aeng
082 _aO111,1J52,13:g, K3
100 _aRoche Thomas P.
_953345
245 0 _aKinly flame
_b a study of the third and fourth books of Spenser's Faerie Queene
260 _c1963
650 _aENGLISH LITERATURE
942 _hO111,1J52,13:g, K3
_cTEXL
_2CC
999 _c156637
_d156637